| 000 | 01057nam a22003257a 4500 | ||
|---|---|---|---|
| 003 | CHAP | ||
| 005 | 20220817042143.0 | ||
| 008 | 971013s1967 r 00010 d | ||
| 010 | _a36204 | ||
| 011 | _a37176 | ||
| 035 | _a41295 | ||
| 040 | _cCHAP | ||
| 090 | _aFolleto 1533 | ||
| 100 | 0 | 0 |
_aPalomares Navarro, Noé. _985012 |
| 245 | _aPrincipales problemas y progresos en política y práctica forestal en México en los últimos dos años | ||
| 260 |
_a(Roma) : _bFAO, _c1967 |
||
| 300 | _a9 h. | ||
| 490 | _aFO:NACF-67/2c | ||
| 590 |
_aBATCH-UPD _b10 _c20130110 _lUCH01 _h1945 |
||
| 590 |
_aBATCH-UPD _b10 _c20130410 _lUCH01 _h1308 |
||
| 590 |
_aBATCH-UPD _b10 _c20130914 _lUCH01 _h1018 |
||
| 590 |
_aCONVERSION _b10 _c20130109 _lUCH01 _h1320 |
||
| 650 | 1 | 4 |
_aPolítica forestal _zMéxico. _990610 |
| 710 | 0 | _aFAO. | |
| 711 | 0 |
_aComisión Forestal de América del Norte. Reunión ( _n4 _d: 1967 _c: México, D.F.) _925722 |
|
| 830 | 0 |
_aFO:NACF-67/2c _941912 |
|
| 901 | _aBK | ||
| 942 | _cFOLL | ||
| 949 |
_aFolleto 1533 _bBC _cFOLL _d-94495 _eTS1 _i41295 _si |
||
| 999 |
_c36204 _d36204 |
||